Convenios de la OIT sobre indígenas en Colombia (Registro nro. 5214)

Detalles MARC
000 -CABECERA
Campo de control 00444nam a2200157 a 4500
005 - FECHA Y HORA DE LA ULTIMA TRANSACCION
Campo de control 20140319083555.0
008 - ELEMENTOS DE LONGITUD FIJA—INFORMACION GENERAL
Campo de control 140318b1995 ||||| |||| 00| 0 spa d
041 ## - IDIOMA
Código de idioma para texto/pista de sonido o título separado Español
090 ## - CLASIFICACIÓN LOCAL
Colección LB
Consecutivo 04574
100 ## - ASIENTO PRINCIPAL--NOMBRE PERSONAL
Nombre personal Roque, Roldán O.
245 ## - MENCION DE TITULO
Título Convenios de la OIT sobre indígenas en Colombia
Parte restante del título experiencias y perspectivas de su aplicación
260 ## - PUBLICACION, DISTRIBUCION, ETC. (PIE DE IMPRENTA)
Lugar de publicación, distribución, etc. s.l.
Nombre del editor, distribuidor, etc. s.n.
Fecha de publicación, distribución, etc. 1995?
300 ## - DESCRIPCION FISICA
Extensión 43 p.
942 ## - ELEMENTOS ADICIONALES (KOHA)
Tipo de ítem Impreso
Sistema de clasificación Local
945 ## - PROCESAMIENTO LOCAL
AAAA-MM-DD - Fecha de ingreso o modificacion 2006-02-07
Existencias
Withdrawn status Lost status Sistema de Clasificación Damaged status No para préstamo Colección Ubicación Permanente Ubicación actual Fecha de adquisición Total Checkouts Número topográfico Inventario / Código de Barras Date last seen Ejemplar Price effective from Forma de adquisición Tipo de material
    Local     General Sala Fabio Quevedo Sala Fabio Quevedo 07/02/2006   LB-04574 023054 04/12/2012 Ej. 1 04/12/2012 Donación Libro